[Event "Djenovici TS12-B"]
[Site "Djenovici"]
[Date "2017.12.24"]
[Round "9"]
[White "Bubanja, Masan"]
[Black "Milosevic, Andjelko"]
[Result "1-0"]
[WhiteElo "1937"]
[BlackElo "1741"]
[PlyCount "93"]
[EventDate "2017.12.16"]
[EventType "tourn"]
[EventRounds "10"]
[EventCountry "MNE"]
[SourceTitle "CBM 182 Extra"]
[Source "ChessBase"]
[SourceDate "2018.02.23"]
[SourceVersion "1"]
[SourceVersionDate "2018.02.23"]
[SourceQuality "1"]

1. e4 e5 2. Nf3 Nf6 3. d3 Nc6 4. Bg5 d5 5. exd5 Qxd5 6. Bxf6 gxf6 7. Nc3 Qa5 8. Nd2 Be6 9. Nb3 Qb6 10. Be2 Rg8 11. Bf3 0-0-0 12. 0-0 Be7 13. Na4 Qb4 14. Nc3 f5 15. Bxc6 bxc6 16. Qf3 Kb7 17. a3 Qb6 18. Nc1 Rg4 19. N1e2 Rdg8 20. g3 h5 21. b4 Kc8 22. Qe3 Qxe3 23. fxe3 h4 24. Kf2 hxg3+ 25. hxg3 Bd6 26. Rg1 f4 27. gxf4 exf4 28. Rxg4 fxe3+ 29. Kxe3 Rxg4 30. Ne4 Be7 31. Rg1 f5 32. Rxg4 fxg4 33. Kf4 a5 34. c3 axb4 35. axb4 Kb7 36. Nd4 Bd7 37. Nf5 Bxf5 38. Kxf5 Kb6 39. Kxg4 Kb5 40. Kf5 Ka4 41. Ke6 Bh4 42. Kd7 Be1 43. Kxc6 Bxc3 44. Nxc3+ Kxb4 45. Nb5 Kb3 46. d4 Kc4 47. d5 1-0

[Event "Djenovici TS12-B"]
[Site "Djenovici"]
[Date "2017.12.16"]
[Round "1"]
[White "Tomic, Danilo"]
[Black "Milosevic, Andjelko"]
[Result "0-1"]
[WhiteElo "1804"]
[BlackElo "1741"]
[PlyCount "52"]
[EventDate "2017.12.16"]
[EventType "tourn"]
[EventRounds "10"]
[EventCountry "MNE"]
[SourceTitle "CBM 182 Extra"]
[Source "ChessBase"]
[SourceDate "2018.02.23"]
[SourceVersion "1"]
[SourceVersionDate "2018.02.23"]
[SourceQuality "1"]

1. e4 e5 2. Nf3 Nf6 3. Nxe5 d6 4. Nf3 Nxe4 5. Qe2 Qe7 6. d3 Nf6 7. Bg5 Nc6 8. Bxf6 gxf6 9. Qxe7+ Bxe7 10. Nc3 Be6 11. d4 Bf5 12. Nd5 0-0-0 13. Nxe7+ Nxe7 14. 0-0-0 Rhg8 15. Nh4 Bg4 16. f3 Be6 17. Bd3 Rg5 18. g3 Ra5 19. a3 h6 20. Ng2 Nd5 21. c4 Bh3 22. Rd2 Ne7 23. Nf4 Bd7 24. Re1 Nc6 25. Bc2 Re8 26. h4 Rxe1+ 0-1